| 000 | 01795nam a2200277Ia 4500 | ||
|---|---|---|---|
| 999 |
_c41677 _d41677 |
||
| 001 | 8351 | ||
| 003 | GE_BSU | ||
| 005 | 20240502105138.0 | ||
| 008 | 181216s2012||||ge |||||||||||||| ||geo|| | ||
| 020 | _a9789941448058 | ||
| 040 | _cGE_BSU | ||
| 041 | _ageo | ||
| 080 | _a37.01(09) ბ–29 | ||
| 100 |
_aბასილაძე, იმერი _94917 |
||
| 245 |
_aპედაგოგიური ფაკულტეტი-წარსული, აწმყო, მომავალი (1933-2013) / _cიმერი ბასილაძე ; რედ. : ლეილა აბზიანიძე, ვლადიმერ ადეიშვილი ; აკ. წერეთლის სახელმწ. უნ-ტი.. |
||
| 264 |
_aქუთაისი : _bაკაკი წერეთლის სახ. უნ–ტის გამ–ბა, _c2012. |
||
| 300 |
_a328 გვ. : _bფოტ. ; _c20 სმ. |
||
| 500 | _aთავფურცელზე ავტორის მინაწერი | ||
| 653 | _aპედაგოგიური ფაკულტეტი-წარსული, აწმყო, მომავალი | ||
| 653 | _aქუთაისის სახელმწიფო უნივერსიტეტის ისტორია | ||
| 653 | _aქართველი პედაგოგები | ||
| 700 |
_aაბზიანიძე, ლეილა _eრედაქტორი _922031 |
||
| 700 |
_aადეიშვილი, ვლადიმერ _eრედაქტორი _922032 |
||
| 710 |
_aაკაკი წერეთლის სახელმწიფო უნივერსიტეტი _922033 |
||
| 942 |
_cBK _2udc |
||